000 01413nam a2200229Ia 4500
003 Ost
005 20260507075010.0
008 260507s9999||||xx |||||||||||||| ||und||
040 _cfsecg
041 _aara
082 _a658.3
100 _aبربر، كامل
_eمؤلف
245 0 _aإدارة الموارد البشرية :
_bإتجاهات و ممارسات /
_c كامل بربر
260 _aبيروت:
_bدار المنهل اللبناني,
_c2008
300 _a318 صفحة؛
_bإيضاحات ؛
_c24 سم
504 _aبيبليوغرافيا: ص. 317
520 _aتناول الكتاب وظائف إدارة الموارد البشرية الأساسية وقام بتفنيدها وشرحها وتفصيلها بناء على الأصول النظرية والخبرة العملية الطويلة. أسهب في الحديث عن الاستقطاب والتعيين بما فيها من تحليل الوظائف والوصف والتوصيف الوظيفي والاختيار والتعيين. ومن ثم في تحفيز العاملين وتدريبهم وتنمية قدراتهم. وتناول في الفصل الأخير ما يغني الكتاب والبحث حول القضايا المعاصرة في ادارة الموارد البشرية.
653 _aإدارة الأفراد
653 _aالموظفون
653 _aموارد بشرية
942 _cكتاب
999 _c42149
_d42149